Statistics for Football Players by Picture #15 - Nordics

Click here to take the quiz!

General Stats

  • This quiz has been taken 1,620 times
    (506 since last reset)
  • The average score is 9 of 16

Answer Stats

Answer% Correct
Erling Braut Håland
99%
Zlatan Ibrahimović
99%
Christian Eriksen
90%
Martin Ødegaard
78%
Kasper Schmeichel
76%
Henrik Larsson
72%
Peter Schmeichel
72%
Ole Gunnar Solskjaer
70%
Jari Litmanen
51%
Freddie Ljungberg
44%
Niklas Bendtner
41%
Simon Kjær
41%
Sami Hyypiä
31%
Daniel Agger
29%
Andreas Granqvist
17%
Eiður Guðjohnsen
14%

Score Distribution

Percentile by Number Answered

Percent of People with Each Score

Your Score History

You have not taken this quiz since the last reset